000 00838nam a2200241Ia 4500
003 OSt
005 20220926021928.0
006 a|||||r|||| 00| 0
007 ta
008 220923b |||||||| |||| 00| 0 eng d
037 _cGeneral Book
040 _aRTL
_cRTL
_beng
041 _2eng
_aeng
082 _aY11(W:5).1N45.N966r, N6 /UN
110 _aUNITED NATIONS, RIGHTS OF THE CHILD (Committee on-), GENERAL ASSEMBLY, OFFICIAL RECORDS
_9327248
245 0 _aReport
_b fifty first session
260 _aNew York
_bUnited Nations
_c1966
300 _a177p
_ccm.
500 _aSupplement no. 41(A/51/41)
700 _aUNITED NATIONS, RIGHTS OF THE CHILD (Committee on-), GENERAL ASSEMBLY, OFFICIAL RECORDS
_9327249
942 _hY11(W:5).1N45.N966r, N6 /UN
_cGB
_2CC
999 _c638048
_d638048